000 00328nam a2200133Ia 4500
008 150201s2009 xx 000 0 und d
082 _a617.6
_bD09B
100 _aBOYD, LINDA , R.B.
245 _aDENTAL INSTRUMENT: A POKET GUIDE
260 _bELSEVIER
_aDELHI
_c2009
300 _a1-688
650 _aDENTISTRY
942 _2ddc
_cBK
999 _c1253
_d1253